000 00709nam a2200193Ia 4500
003 LDD
008 190117s9999 xx 000 0 und d
020 _a9789381923894
_c₹225
040 _cLDD
041 _ahi
082 _a8H1.71 प3206सा
100 _aपटेल, बहादुर
245 0 _aसारा नमक वहीं से आता
_cबहादुर पटेल
260 _aगाज़ियाबाद |
_bअंतिका प्रकाशन
_c2015
300 _a96p.
901 _aGP
904 _aReqst by : Jitendra Kumar Srivastav
942 _2ddc
_cH
999 _c162836
_d162836